MARC

LEADER 00000nam0a2200000 4500
001 356836
005 20231102010931.0
035 |a (RuTPU)RU\TPU\retro\14096 
090 |a 356836 
100 |a 20200724d1977 km y0rusy50 ca 
101 1 |a rus  |c eng 
102 |a RU 
105 |a a z 001zy 
200 1 |a Технологическое прогнозирование  |e пер. с англ.  |f Дж. Мартино  |g под ред. В. И. Максименко 
210 |a Москва  |c Прогресс  |d 1977 
215 |a 592 с.  |c ил. 
320 |a Указ.: с. 579-588 
606 1 |a Технические системы сложные  |x Проектирование  |2 stltpush  |3 (RuTPU)RU\TPU\subj\60085  |9 77575 
610 1 |a метод Делфи 
610 1 |a техническое прогнозирование 
610 1 |a кривые роста 
610 1 |a экстраполяция 
610 1 |a аналитические модели 
610 1 |a принятие решений 
610 1 |a новые изделия 
610 1 |a испытание 
610 1 |a оценка 
675 |a 62.001.6  |v 4 
700 1 |a Мартино  |b Дж. 
702 1 |a Максименко  |b В. И.  |4 340 
801 1 |a RU  |b 63413507  |c 20200724 
801 2 |a RU  |b 63413507  |c 20210210  |g RCR 
942 |c BK